000 00480nam a2200181Ia 4500
001 7442
005 20260306160455.0
008 260306t2014||||xx |||||||||||||| ||spa||
041 _aESP
082 _a338.9854
_bM95
100 _aMunicipalidad Distrital de Cayarani
_eAUT
245 0 _aPlan de desarrollo concertado del distrito de Cayarani 2014 al 2021
260 _c2014
300 _a154 páginas :
_c29 cm.
650 _aGEN
654 _aCAN
942 _cLIB
_dJUS
_fJUS
_2ddc
_n
999 _c7442
_d7442